Marvel: Most Published Characters 1-100 Quiz Stats

Quiz Updated Nov 9, 2016

Challenge
Share
Tweet
Embed
Score 0/100 Timer 12:00
32 Plays Today
Rank Marvel Character % Correct
2.Spider-Man
96.4%
5.Iron Man
94.4%
11.Hulk
93.9%
3.Captain America
93%
69.Bucky Barnes (Winter Soldier)
92.8%
1.Wolverine
92.1%
96.War Machine
91.9%
9.Thor
90.6%
4.Cyclops
85%
13.Professor X
84.9%
23.Magneto
84.4%
17.Human Torch
82.8%
6.Storm
82.7%
8.Thing
82.5%
20.Invisible Woman
80.8%
14.Mr. Fantastic
80.4%
15.Jean Grey
80.3%
25.Hawkeye
80%
37.Black Widow (Natasha Romanova)
79%
7.Beast
75.9%
68.Doctor Octopus
74.7%
62.Norman Osborn
74.6%
76.Loki
72.4%
10.Iceman
71.5%
33.Hank Pym
71.1%
78.Flash Thompson
71.1%
28.Daredevil
69.7%
19.Rogue
69.7%
70.Venom Symbiote
69.3%
12.Colossus
68.4%
41.Doctor Doom
68.1%
18.Nightcrawler
66.1%
31.Scarlet Witch
65.6%
49.Mystique
65.1%
Rank Marvel Character % Correct
39.Quicksilver
65%
27.Nick Fury
64.6%
59.Deadpool
64.6%
26.Gambit
61.6%
55.Black Panther
61.4%
16.Angel (Archangel)
61.1%
38.Mary Jane Watson
60.8%
35.Wasp (Janet van Dyne)
60.6%
63.Silver Surfer
60.5%
30.Doctor Strange
60%
21.Kitty Pryde (Shadowcat)
58.7%
47.She-Hulk
58.5%
34.Captain Marvel (Carol Danvers)
58.5%
43.Sabretooth
58.1%
45.Luke Cage (Power Man)
54.6%
51.Aunt May
54.6%
53.Punisher
52.7%
42.Cable
52.7%
40.Vision
52.4%
74.Juggernaut
51.7%
22.Emma Frost (White Queen)
51.6%
67.Iron Fist
51.2%
95.Galactus
49.2%
91.Kingpin
47.7%
52.Jubilee
47.4%
58.Rachel Grey-Summers
47.3%
81.Thunderbolt Ross (Red Hulk)
46.8%
24.Namor the Sub-Mariner
46.5%
46.Havok
46.5%
66.Sam Wilson (Falcon)
46.3%
84.Toad
46.1%
29.Psylocke
44%
61.Spider-Woman
43.9%
44.J. Jonah Jameson
43.2%
Rank Marvel Character % Correct
48.Bishop
40.7%
90.Siryn (Banshee)
39.5%
60.Banshee
37.7%
86.X-23
35.7%
87.Blob
35.7%
32.Cannonball
34.3%
54.Polaris
33.7%
73.Hercules
33.7%
72.Wonder Man
31.8%
75.Captain Britain
31.1%
46.Sunspot
30.4%
82.Edwin Jarvis
30.2%
57.Dazzler
29.2%
79.Forge
28.4%
64.Moonstar (Mirage)
27.1%
83.Franklin Richards
27%
89.Madrox (Multiple Man)
26.9%
71.Domino
26.3%
56.Wolfsbane
25.6%
65.Warpath
25.2%
50.Magik
25%
80.Boom-Boom
25%
94.Timothy 'Dum Dum' Dugan
24.3%
88.Joseph 'Robbie' Robertson
20.8%
85.Northstar
20.7%
97.Lockheed
18.3%
77.Dr. Moira MacTaggert
17.5%
100.Husk
15.3%
98.Pixie
13.6%
92.Rockslide
10%
99.Celeste Cuckoo
9.9%
93.Mindee Cuckoo
9.6%

You're not logged in!

Compare scores with friends on all Sporcle quizzes.
Join for Free
OR
Log In

You Might Also Like...

Show Comments

Extras

Top Quizzes Today


Score Distribution

Your Account Isn't Verified!

In order to create a playlist on Sporcle, you need to verify the email address you used during registration. Go to your Sporcle Settings to finish the process.

Report this User

Report this user for behavior that violates our Community Guidelines.

Details: